• 首页
  • 本馆介绍
  • 公告通知
  • 最新文献
  • 馆藏检索
  • 电子资源
  • 读者导购
  • 参考咨询
  • 我的图书馆
  • 登录
  • 详细信息显示
  • 放入我的书架
  • 预约/预借图书
  • 作者相关作品
  • 分类相关作品
  • 丛书相关作品
  • 出版社相关作品

书目信息

  • 表格格式
  • 工作单格式
  • 卡片格式
题名:
纳米科学与技术
    
 
作者: 袁哲俊 编著
分册:  
出版信息: 哈尔滨   哈尔滨工业大学出版社  2005
页数: 526页
开本: 23cm
丛书名:
单 册:
中图分类: TB383
科图分类:
主题词: 纳米材料--教材 , 纳米材料
电子资源:
ISBN: 7-5603-2174-7
000 00990nam0 2200253 450
001 003005297
005 20061101083714.71
010    @a7-5603-2174-7@dCNY48.00
100    @a20040727d2005 em y0chiy0110 ea
101 0  @achi
102    @aCN@b230000
105    @aa z 000yy
200 1  @a纳米科学与技术@9na mi ke xue yu ji shu@f袁哲俊编著
210    @a哈尔滨@c哈尔滨工业大学出版社@d2005
215    @a526页@c图@d23cm
300    @a国防科工委“十五”规划教材·机械工程
306    @a北京航空航天大学出版社 北京理工大学出版社 西北工业大学出版社 哈尔滨工业大学出版合作出版
330    @a本书介绍了扫描隧道显微镜和原子力显微镜等扫描探针显微镜;摩擦力、磁力等显微镜;纳米材料;纳米级精密测量技术;纳米级精密加工和原子操纵技术;纳米级表层物理力学性能检测和纳米摩擦学;纳米电子学;微型机械和微型机电系统及其制造技术。
606 0  @a纳米材料@j教材
606 0  @a纳米材料
690    @aTB383@v4
701  0 @a袁哲俊@9yuan zhe jun@4编著
801  0 @aCN@bNLC@c20061101
905    @a10447@dTB383@e136
    
    纳米科学与技术/袁哲俊编著.-哈尔滨:哈尔滨工业大学出版社,2005
    526页:图;23cm
    国防科工委“十五”规划教材·机械工程
    
    ISBN 7-5603-2174-7:CNY48.00
    本书介绍了扫描隧道显微镜和原子力显微镜等扫描探针显微镜;摩擦力、磁力等显微镜;纳米材料;纳米级精密测量技术;纳米级精密加工和原子操纵技术;纳米级表层物理力学性能检测和纳米摩擦学;纳米电子学;微型机械和微型机电系统及其制造技术。
●
相关链接 在E读中查询图书 在五车中查询图书 在当当中查询图书 在豆瓣中查询图书


正题名:纳米科学与技术     索取号:TB383/136         预约/预借

序号 登录号 条形码 馆藏地/架位号 状态 备注
1 0386461   203864611   第二样本阅览室/ [索取号:TB383/136] 在馆    
2 0386462   203864620   第三借阅区/ [索取号:TB383/136] 在馆    
3 0386463   203864639   第三借阅区/ [索取号:TB383/136] 在馆    
4 0386464   203864648   第三借阅区/ [索取号:TB383/136] 在馆    
唐山师范学院图书馆 欢迎您!
大连网信软件有限公司© 版权所有